Analýza vývoja zmeny hodnoty podielu vo vybraných korunových dlhopisových fondoch v roku 2004
Vývoj relatívnej zmeny hodnoty podielu v priebehu jednotlivých týždňov roka 2004 oproti hodnote podielu na začiatku roka 2004 v troch korunových dlhopisových fondoch, ktoré sú pod správou Asset Managementu Slovenskej sporiteľne, VÚB Asset Managementu a Tatra Asset Managementu. Na modelovanie zmeny p...
Gespeichert in:
| 1. Verfasser: | |
|---|---|
| Weitere Verfasser: | |
| Format: | Buchkapitel |
| Sprache: | Slowakisch |
| Schlagworte: | |
| Tags: |
Keine Tags, Fügen Sie das erste Tag hinzu!
|
MARC
| LEADER | 00000naa$a2200000$$$4500 | ||
|---|---|---|---|
| 001 | 0045128 | ||
| 005 | 20240502071525.1 | ||
| 041 | 0 | |a slo | |
| 044 | |a SK | ||
| 245 | 1 | 0 | |a Analýza vývoja zmeny hodnoty podielu vo vybraných korunových dlhopisových fondoch v roku 2004 |c Tatiana Šoltésová, Erik Šoltés |
| 520 | |a Vývoj relatívnej zmeny hodnoty podielu v priebehu jednotlivých týždňov roka 2004 oproti hodnote podielu na začiatku roka 2004 v troch korunových dlhopisových fondoch, ktoré sú pod správou Asset Managementu Slovenskej sporiteľne, VÚB Asset Managementu a Tatra Asset Managementu. Na modelovanie zmeny použité kredibilné regresné modely. Regresné funkcie vhodné pre krátkodobé predpovede. Atraktívnosť investovania do korunových dlhopisových fondov pre konzervatívnych investorov. | ||
| 610 | 2 | 0 | |a trh finančný |
| 610 | 2 | 0 | |a investovanie |
| 610 | 2 | 0 | |a fondy dlhopisové |
| 610 | 2 | 0 | |a fondy podielové |
| 610 | 2 | 0 | |a modely regresné |
| 610 | 2 | 0 | |a prognózy |
| 100 | 1 | |a Šoltésová, Tatiana, 1975- | |
| 700 | 1 | |a Šoltés, Erik, 1974- | |